[Event "Minsk op"]
[Site "Minsk"]
[Date "2023.11.06"]
[Round "4"]
[White "Babeikin, Kiryl"]
[Black "Tkachou, Viktar"]
[Result "0-1"]
[WhiteElo "1522"]
[BlackElo "1605"]
[PlyCount "68"]
[EventDate "2023.11.03"]
[EventType "swiss"]
[EventRounds "9"]
[EventCountry "BLR"]
[SourceTitle "CBM 217 Extra"]
[Source "ChessBase"]
[SourceDate "2024.01.31"]
[SourceVersion "1"]
[SourceVersionDate "2024.01.31"]
[SourceQuality "1"]

1. e4 c6 2. d4 d5 3. exd5 cxd5 4. Nf3 Bg4 5. h3 Bxf3 6. Qxf3 e6 7. Bd3 Nf6 8. c3 Nc6 9. 0-0 a6 10. a4 Be7 11. Qg3 g6 12. f4 Bd6 13. Qe3 0-0 14. Nd2 Qc7 15. Nf3 Nd7 16. Ne5 Ncxe5 17. fxe5 Nxe5 18. Bc2 Nc6 19. h4 Nxd4 20. Bd1 Bh2+ 21. Kh1 Nf5 22. Qf3 Bd6 23. Re1 Ng3+ 24. Kg1 Bc5+ 25. Be3 Bxe3+ 26. Rxe3 Nf5 27. Rd3 Nxh4 28. Qf6 Qd8 29. Qf4 Nf5 30. Rh3 Qb6+ 31. Kh1 Qxb2 32. Rc1 e5 33. Qg5 f6 34. Rc2 Qxc2 0-1

[Event "Minsk op"]
[Site "Minsk"]
[Date "2023.11.03"]
[Round "1"]
[White "Tkachou, Viktar"]
[Black "Zauyalau, Daniel"]
[Result "1-0"]
[WhiteElo "1605"]
[BlackElo "1800"]
[PlyCount "61"]
[EventDate "2023.11.03"]
[EventType "swiss"]
[EventRounds "9"]
[EventCountry "BLR"]
[SourceTitle "CBM 217 Extra"]
[Source "ChessBase"]
[SourceDate "2024.01.31"]
[SourceVersion "1"]
[SourceVersionDate "2024.01.31"]
[SourceQuality "1"]

1. Nf3 d5 2. e3 Nf6 3. c4 e6 4. b3 Be7 5. Bb2 0-0 6. Be2 b6 7. 0-0 Ba6 8. cxd5 Bxe2 9. Qxe2 Qxd5 10. Nc3 Qf5 11. Nb5 Ne8 12. Nfd4 Qg6 13. Qf3 c6 14. Nxc6 Nxc6 15. Qxc6 Nf6 16. Rac1 Nd5 17. Qc2 Qxc2 18. Rxc2 Nb4 19. Rc7 Bd8 20. Rxa7 Rxa7 21. Nxa7 Nd3 22. Bc3 Be7 23. a4 Bb4 24. Bxb4 Nxb4 25. Rc1 f5 26. Rc8 Rxc8 27. Nxc8 Nd5 28. e4 Nf6 29. Nxb6 Nxe4 30. a5 Nxd2 31. a6 1-0

[Event "Minsk Kupreichik Memorial op"]
[Site "Minsk"]
[Date "2018.06.22"]
[Round "5"]
[White "Ivanytska, Liudmyla"]
[Black "Tkachou, Viktar"]
[Result "0-1"]
[WhiteElo "1545"]
[BlackElo "1791"]
[PlyCount "114"]
[EventDate "2018.06.21"]
[EventType "swiss (rapid)"]
[EventRounds "11"]
[EventCountry "BLR"]
[SourceTitle "CBM 185 Extra"]
[Source "ChessBase"]
[SourceDate "2018.07.29"]
[SourceVersion "1"]
[SourceVersionDate "2018.07.29"]
[SourceQuality "1"]

1. e4 c5 2. Nf3 e6 3. d4 cxd4 4. Nxd4 a6 5. a3 d6 6. Nc3 Nf6 7. Be2 Be7 8. Bf3 0-0 9. 0-0 Qc7 10. Re1 Nc6 11. Nxc6 bxc6 12. Qe2 e5 13. g3 Be6 14. Bg2 h6 15. h3 a5 16. Kh1 Rab8 17. b3 Nh7 18. f4 exf4 19. gxf4 Bf6 20. e5 dxe5 21. fxe5 Bh4 22. Rd1 Rbd8 23. Bb2 Ng5 24. Qh5 Bg3 25. Ne4 Nxe4 26. Bxe4 Bd5 27. Bxd5 Rxd5 28. Rxd5 cxd5 29. Rg1 Qxc2 30. Rxg3 Qxb2 31. Qxh6 Qxe5 32. Qe3 Qe4+ 33. Kg1 f5 34. Qg5 Qd4+ 35. Kf1 f4 36. Rf3 Qe4 37. Kf2 d4 38. Qb5 Rc8 39. Qd3 Rc2+ 40. Kf1 Rc1+ 41. Kg2 Qe5 42. Qd2 Qg5+ 43. Kf2 Qg1+ 44. Ke2 Qg2+ 45. Kd3 Qxf3+ 46. Kxd4 Qe3+ 47. Qxe3 fxe3 48. Kxe3 Rc3+ 49. Kd4 Rxb3 50. Kc4 Rxa3 51. Kb5 Rxh3 52. Kxa5 Rb3 53. Ka4 Rb8 54. Ka5 Kf7 55. Ka6 Ke7 56. Ka7 Rb1 57. Ka6 Kd6 0-1

[Event "Minsk Kupreichik Memorial op"]
[Site "Minsk"]
[Date "2018.06.21"]
[Round "1"]
[White "Nikitenko, Mihail"]
[Black "Tkachou, Viktar"]
[Result "1-0"]
[WhiteElo "2371"]
[BlackElo "1791"]
[PlyCount "48"]
[EventDate "2018.06.21"]
[EventType "swiss (rapid)"]
[EventRounds "11"]
[EventCountry "BLR"]
[SourceTitle "CBM 185 Extra"]
[Source "ChessBase"]
[SourceDate "2018.07.29"]
[SourceVersion "1"]
[SourceVersionDate "2018.07.29"]
[SourceQuality "1"]

1. e4 c5 2. Nf3 e6 3. d4 cxd4 4. Nxd4 a6 5. c4 d6 6. Nc3 Nf6 7. Be3 Be7 8. Be2 0-0 9. 0-0 Qc7 10. Rc1 b6 11. f3 Bb7 12. a3 Nbd7 13. b4 Rac8 14. Nb3 Qb8 15. Qd2 Qa8 16. Rfd1 Rfe8 17. Bf4 Ne5 18. Bxe5 dxe5 19. Qe3 a5 20. Na4 axb4 21. Nxb6 Qa7 22. axb4 Bxb4 23. Ra1 Bc5 24. Qxc5 Ra8 1-0